La terza eta' del mondo, o, Vero ragionamenti sopra la sacra Genesi dalla nascita d' Isaac figliuolo del patriarca Abrahamo, fino alla morte di Gioseffo vicerè dell' Egitto: nelli quali si riferiscono le più celebri quaestini, che sfanno gli espositori sacri, mistiche, allegoriche, historiche, e morali, con altre erudizioni concernenti la vita, e morte sì d' essi patriarchi Abrahamo, Isaac, Giacobbe, e loro figliuoli, e Nipoti, come delle patriarchesse loro mogli, Sara, Rebecca, Lia, Rachele, & altre matrone di quei tempi / di Giovanni Chiericato preposito del titolo della SS. Trinita di Padova

Detalles Bibliográficos
Autor principal: Chiericato, Giovanni Maria, 1633-1717
Formato: Libro
Lenguaje:Italian
Publicado: in Padova : per Gio. Batista Conzatti, 1727.
Materias:
Colección:Banco de datos
Acervo:Fondo Antiguo José Gutiérrez Casillas. S.J. de la Biblioteca Eusebio F. Kino. de la Provincia Mexicana de la Compañía de Jesús
Descripción Física:[4] h., 296 p. ; 4°
Tema general:Historia eclesiástica
Biblia
Notas:Portada a dos tintas con empresa tipográfica del impresor en grabado xilográfico. Texto a dos columnas con paginación en números arábigos, cornisas, apostillas marginales, signaturas y reclamos. Incluye letras capitulares con motivos florales en grabado xilográfico. Encuadernación en pergamino sobre cartón. Encuadernado en 24622
LEADER 01793nam a22002170004500
035 |a 4214 
041 0 |a ita 
100 1 |a Chiericato, Giovanni Maria, 1633-1717 
245 1 0 |a La terza eta' del mondo, o, Vero ragionamenti sopra la sacra Genesi dalla nascita d' Isaac figliuolo del patriarca Abrahamo, fino alla morte di Gioseffo vicerè dell' Egitto: nelli quali si riferiscono le più celebri quaestini, che sfanno gli espositori sacri, mistiche, allegoriche, historiche, e morali, con altre erudizioni concernenti la vita, e morte sì d' essi patriarchi Abrahamo, Isaac, Giacobbe, e loro figliuoli, e Nipoti, come delle patriarchesse loro mogli, Sara, Rebecca, Lia, Rachele, & altre matrone di quei tempi / di Giovanni Chiericato preposito del titolo della SS. Trinita di Padova 
260 |a in Padova : per Gio. Batista Conzatti, 1727. 
300 |a [4] h., 296 p. ; 4° 
500 |a Portada a dos tintas con empresa tipográfica del impresor en grabado xilográfico. Texto a dos columnas con paginación en números arábigos, cornisas, apostillas marginales, signaturas y reclamos. Incluye letras capitulares con motivos florales en grabado xilográfico. Encuadernación en pergamino sobre cartón. Encuadernado en 24622 
501 |a 2 obras 
504 |a Al principio de la obra está el índice de contenido. Al final de la obra está el índice de cosas notables 
650 1 0 |a Historia eclesiástica 
650 1 0 |a Biblia 
740 0 |a Vero ragionamenti sopra la sacra Genesi dalla nascita d' Isaac figliuolo del patriarca Abrahamo, fino alla morte di Gioseffo vicerè dell' Egitto 
949 |a 23691 
942 |c KINO 
943 |g Fondo Antiguo José Gutiérrez Casillas. S.J. de la Biblioteca Eusebio F. Kino. de la Provincia Mexicana de la Compañía de Jesús 
999 |c 1097103  |d 1097103